Statistics for Lord of the Rings - Hobbit - Middle Earth Races

Click here to take the quiz!

General Stats

  • This quiz has been taken 1,219 times
  • The average score is 9 of 24

Answer Stats

Hint Answer % Correct
Who are immortal, wisest and fairest of all beings?Elves
97%
Who are great miners and craftsmen of the mountain halls?Dwarves
96%
Who desire power, above all else?Men
91%
Who share a love of things that grow?Hobbits
84%
Who are abominable creatures and carry no honor?Orcs
70%
Who are the shepherds of trees?Ents
66%
Who are like wolves, or you would wish them to be?Wargs
40%
Whose armours are thick and shields broad?Uruk-hai
38%
Who arrive when they are most needed?Eagles
38%
Whose teeth are swords, claws spear and breath death?Dragons
35%
Who were once Great Kings of Men?Ringwraiths
35%
Who are five, but I only remember three of them?Wizards
31%
Who are spawns of Ungoliant, but afraid of lights of stars?Spiders
28%
Which foes are beyond any of us?Balrogs
28%
Whose spears can skewer a wild boar?Trolls
25%
Who is... someone, yet he was here before the first tree?Tom Bombadil
24%
Who is the One, Father of All?Eru Ilúvatar
17%
Who are the flying pets of fearful creatures?Fellbeasts
16%
Who are half-blood people, the union of immortality and potency?Half-elves
14%
Who are the ones that have the Earth's materials?Valar
9%
Who are moving trees, that capable of annihilating evil beings?Huorns
9%
Which creatures spy for their master?Crebains
4%
Who nearly killed a whole company, yet only wanted to play?Giants
4%
Which creatures could be heard from many leagues?Mûmakils
3%

Score Distribution

Percentile by Number Answered

Percent of People with Each Score

Your Score History

You have not taken this quiz